000 00480nam a2200205Ia 4500
008 210210b1959 xxu||||| |||| 00| 0 eng d
041 _aeng
082 _a331/12
100 _aBHAMBRI (C P)
245 _aParliamentary control over finance in India
260 _aIndia
_bJai Prakash Nath & Co
_c1959
650 _aParliamentary
650 _aover
650 _aIndia
650 _ain
650 _afinance
650 _acontrol
690 _aBanking
906 _a003914
999 _c121716
_d121716